| 000 | 00769cam a22002534a 4500 | ||
|---|---|---|---|
| 999 |
_c5876 _d5876 |
||
| 001 | 20333 | ||
| 003 | BD-DhUAP | ||
| 005 | 20201222105815.0 | ||
| 008 | 201221r20162014 a b 001 0 eng | ||
| 020 | _a8131526623 | ||
| 020 | _a9788131526620 | ||
| 040 |
_aDLC _cDLC _dBD-DhUAP _beng |
||
| 082 | 0 | 0 |
_a658.15 BRI _223 |
| 100 | _aBrigham, Eugene F. | ||
| 245 |
_aFinancial management : _btheory & practice / _cEugene F. Brigham and Michael C. Ehrhardt. |
||
| 250 | _a14th ed. | ||
| 260 |
_aAndover : _bCengage learning, _cc2014 [Reprinted 2016]. |
||
| 300 |
_axxxi, 1163 pages : _billustrations ; _c26 cm. |
||
| 500 | _aIncludes index. | ||
| 650 |
_aCorporations _vFinance. |
||
| 650 | _aBusiness enterprises. | ||
| 700 | _aEhrhardt, Michael C. | ||
| 942 |
_2ddc _cBK |
||